Spinoza. Una política del cuerpo social
Guardat en:
| Autor principal: | |
|---|---|
| Format: | Llibre |
| Idioma: | anglès |
| Publicat: |
Barcelona, España:
Gedisa,
2020
|
| Edició: | Primera edición |
| Col·lecció: | Biblioteca Iberoamericana de Pensamiento
|
| Matèries: | |
| Etiquetes: |
Afegir etiqueta
Sense etiquetes, Sigues el primer a etiquetar aquest registre!
|
MARC
| LEADER | 00000nam a22000007a 4500 | ||
|---|---|---|---|
| 003 | CL-VaPUC | ||
| 005 | 20220720120616.0 | ||
| 008 | 220316b2020 ||||| |||| 00| 0 eng d | ||
| 999 | |c 434867 |d 434865 | ||
| 020 | |a 978-84-18193-03-3 | ||
| 040 | |c Pontificia Universidad Católica de Valparaíso | ||
| 082 | 0 | 4 | |2 21 |a 199.492 TEJ 2020 |
| 100 | 1 | |a Tejeda Gómez, Cristian Andrés |e autor |9 867231 | |
| 245 | 1 | 0 | |a Spinoza. |b Una política del cuerpo social |
| 250 | |a Primera edición | ||
| 260 | |a Barcelona, España: |b Gedisa, |c 2020 | ||
| 300 | |a 158 páginas | ||
| 490 | 0 | |a Biblioteca Iberoamericana de Pensamiento | |
| 500 | |a C.1-C.3. Donación Sergio Arce, Director de Bibliotecas, Universidad de Los Lagos. 29/11/2021 | ||
| 583 | |c 20220316 |k Sebastián Perez | ||
| 600 | |a Spinoza, Benedictus de, |d 1632-1677, |q Spinoza, Baruch |9 867683 |x Crítica e interpretación | ||
| 650 | 1 | |a Filosofía política |x Ética |9 867688 | |
| 650 | 1 | 0 | |a Filosofía holandesa |9 319728 |
| 942 | |2 ddc |c BK | ||
| 952 | |0 0 |1 0 |2 ddc |4 0 |6 199_492000000000000_TEJ_2020 |7 0 |8 A |9 581879 |a BIBEDU |b BIBEDU |c GEN |d 2022-03-16 |e Donación |i 5650115 |o 199.492 TEJ 2020 |p 5650115 |r 2022-03-16 |t 1 |w 2022-03-16 |y BK |k FIL | ||
| 952 | |0 0 |1 0 |2 ddc |4 0 |6 199_492000000000000_TEJ_2020 |7 0 |8 A |9 581880 |a BIBEDU |b BIBEDU |c GEN |d 2022-03-16 |e Donación |i 5650116 |o 199.492 TEJ 2020 |p 5650116 |r 2022-03-16 |t 2 |w 2022-03-16 |y BK |k FIL | ||
| 952 | |0 0 |1 0 |2 ddc |4 0 |6 199_492000000000000_TEJ_2020 |7 0 |8 A |9 581881 |a BIBEDU |b BIBEDU |c GEN |d 2022-03-16 |e Donación |i 5650117 |o 199.492 TEJ 2020 |p 5650117 |r 2022-03-16 |t 3 |w 2022-03-16 |y BK |k FIL | ||